LEADER 01316nam a2200265 u 4500 001 000000027198 003 CaOOAMICUS 005 20070226111648.0 008 950905s1970 it u000 u ita u 035 $a10705107 040 $aPUL$bita 100 1 $aZovatto, Pietro,$csac.$0(OLS)http://pul/name/22300 245 10$aIntroduzione al giansenismo italiano :$b(Appunti dottrinali e critico-bibliografici) /$cPietro Zovatto. 260 $aTrieste :$bUniversità degli studi,$c1970. 300 $a206 p. ;$c24 cm 490 1 $aUniversità degli studi di Trieste, Facoltà di magistero.$aNuova serie ;$v1 504 $a"Saggio di bibliografia sul giansenismo italiano": p. 91-188. 650 4$aGiansenismo$zItalia.$0(OLS)http://pul/subject/6863 830 0$aUniversità degli studi di Trieste, Facoltà di magistero.$pNuova serie ;$v1.$0(OLS)http://pul/title/37286 850 $aPUL 852 $aPUL$W1$xDP1 Fondo Maccarrone$y58$m1507 E 7$j37884$nBK-PRI$b $qFondi$B37884$CPULBib$Z2$F37884 $H $81 941 1 $a1 961 $aINV: 02117 -- Fondo Mons. M. Maccarrone 996 $6245$aIntroduzione al giansenismo italiano :$b(Appunti dottrinali e critico-bibliografici)$9(OLS)http://pul/title/37285 996 $6260$aTrieste :$bUniversità degli studi$9(OLS)http://pul/publisher/59631 LEADER 01369nam a2200301 u 4500 001 000000060170 003 CaOOAMICUS 005 20070226120900.0 008 010716s1995 it u000 u ita u 020 $a8837215924 035 $a10897475 040 $aPUL(R)$bita 100 1 $aOtt, Hugo.$0(OLS)http://pul/name/41290 245 10$aHeidegger e la Teologia :$batti del convegno tenuto a Trento l'8-9 febbraio 1990 /$ca cura di Hugo Ott e Giorgio Penzo. 260 $aBrescia :$bMorcelliana,$c1995. 300 $a436 p. ;$c23 cm 490 1 $aReligione e cultura ;$v7 500 $aIn testa al front.: Istituto di scienze religiose in Trento. 504 $aContiene indici. 600 14$aHeidegger, Martin,$d1889-1976.$0(OLS)http://pul/subject/4860 710 2 $aIstituto di scienze religiose in Trento.$0(OLS)http://pul/name/399 830 0$aReligione e cultura ;$v7.$0(OLS)http://pul/title/21162 850 $aPUL 852 $aPUL$W1$xSL Filosofia 2$y80$mPhil D4 46l$j78400$nBK-PRI$b $qStampati altre collocazioni$B78400$CPULBib$Z2$F78400 $H $81 941 1 $a10 996 $6020$a8837215924$9(OLS)http://pul/number/77252 996 $6245$aHeidegger e la Teologia :$batti del convegno tenuto a Trento l'8-9 febbraio 1990$9(OLS)http://pul/title/80429 996 $6260$aBrescia :$bMorcelliana$9(OLS)http://pul/publisher/47854